| 000 | 00388cam a2200157ua 4500 | ||
|---|---|---|---|
| 003 | OSt | ||
| 008 | 250130b |||||||| |||| 00| 0 eng d | ||
| 041 | _aeng | ||
| 082 |
_a621.301 _bVAR/SY |
||
| 100 |
_aVashney, R K . _97039 |
||
| 245 | 0 | 0 | _aSystems and control, Vol 1 / |
| 250 | _a1 / | ||
| 260 |
_a : _bElectrical engineering department , _c1973. |
||
| 300 | _a72 ; . | ||
| 942 | _cBK | ||
| 999 |
_c10827 _d10827 |
||